000
00275nam a22001337a 4500
003
SGT
082
_a
616.5
_b
P14B
100
_a
BEHL, P.N.
245
_a
PRACTICE OF DERMATOLOGY
260
_a
INDIA
_b
CBS
_c
2014
300
_a
500
650
_a
DERMATOLOGY
942
_2
ddc
_c
BK
999
_c
14625
_d
14625